[Event "FRA-ch Blitz Online Qual"]
[Site "Europe Echecs INT"]
[Date "2020.05.16"]
[Round "9"]
[White "Gilles, Francois"]
[Black "Molines, Martin"]
[Result "1-0"]
[WhiteElo "1637"]
[BlackElo "1033"]
[PlyCount "83"]
[EventDate "2020.05.16"]
[EventType "swiss (blitz)"]
[EventRounds "15"]
[EventCountry "FRA"]
[SourceTitle "CBM 196 Extra"]
[Source "ChessBase"]
[SourceDate "2020.07.31"]
[SourceVersion "1"]
[SourceVersionDate "2020.07.31"]
[SourceQuality "1"]

1. d4 d5 2. c4 c6 3. Nc3 Nf6 4. Nf3 Bg4 5. Qb3 e6 6. cxd5 exd5 7. Qxb7 Nbd7 8. Qxc6 Rc8 9. Qa4 Bxf3 10. exf3 Qb6 11. Bb5 Rc7 12. 0-0 Be7 13. Bf4 Rb7 14. Be5 Qe6 15. Bc6 Rb6 16. Bxd7+ Qxd7 17. Qxd7+ Kxd7 18. Bxf6 Bxf6 19. Nxd5 Rd6 20. Nxf6+ Rxf6 21. Rad1 Rb6 22. Rd2 Rd8 23. b3 Ke8 24. Re1+ Kf8 25. g3 Rbd6 26. Red1 Kg8 27. f4 f6 28. Kg2 h6 29. Kf3 g5 30. fxg5 hxg5 31. Kg4 Kh7 32. Kf5 Rf8 33. d5 Re8 34. f4 gxf4 35. gxf4 Rg8 36. Re1 Rg7 37. Re6 Rxe6 38. dxe6 Rg6 39. e7 Rg8 40. Rd7 Re8 41. Kxf6 Kg8 42. Rd8 1-0

[Event "FRA-ch Blitz Online Qual"]
[Site "Europe Echecs INT"]
[Date "2020.05.16"]
[Round "5"]
[White "Mokrani, Romuhald"]
[Black "Molines, Martin"]
[Result "0-1"]
[WhiteElo "1358"]
[BlackElo "1033"]
[PlyCount "40"]
[EventDate "2020.05.16"]
[EventType "swiss (blitz)"]
[EventRounds "15"]
[EventCountry "FRA"]
[SourceTitle "CBM 196 Extra"]
[Source "ChessBase"]
[SourceDate "2020.07.31"]
[SourceVersion "1"]
[SourceVersionDate "2020.07.31"]
[SourceQuality "1"]

1. d4 d5 2. Nf3 Nc6 3. c4 e6 4. Nc3 Bb4 5. Bf4 Nf6 6. Rc1 Ne4 7. e3 0-0 8. Be2 Nxc3 9. bxc3 Ba3 10. Rb1 b6 11. 0-0 Ba6 12. Qb3 dxc4 13. Bxc4 Bxc4 14. Qxc4 Na5 15. Qa4 Bd6 16. Bg5 Be7 17. Bf4 Bd6 18. Ne5 Bxe5 19. Bxe5 Qd7 20. Rbc1 Qxa4 0-1

[Event "FRA-ch Blitz Online Qual"]
[Site "Europe Echecs INT"]
[Date "2020.05.16"]
[Round "8"]
[White "Molines, Martin"]
[Black "Serieys, Philippe"]
[Result "1-0"]
[WhiteElo "1033"]
[BlackElo "1210"]
[PlyCount "105"]
[EventDate "2020.05.16"]
[EventType "swiss (blitz)"]
[EventRounds "15"]
[EventCountry "FRA"]
[SourceTitle "CBM 196 Extra"]
[Source "ChessBase"]
[SourceDate "2020.07.31"]
[SourceVersion "1"]
[SourceVersionDate "2020.07.31"]
[SourceQuality "1"]

1. e4 c5 2. Nf3 Nc6 3. d4 cxd4 4. Nxd4 a6 5. Nxc6 bxc6 6. Nc3 d6 7. Bd3 c5 8. Be3 e5 9. 0-0 Nf6 10. Re1 Be7 11. Bg5 0-0 12. Qd2 Rb8 13. b3 Bb7 14. Bc4 h6 15. Bxf6 Bxf6 16. Nd5 Bxd5 17. Qxd5 Qe7 18. Rad1 Rbd8 19. Bxa6 Qa7 20. Qb7 Qxb7 21. Bxb7 Be7 22. Bd5 Kh8 23. Re3 f5 24. Rf3 f4 25. Be6 Rf6 26. Bf5 Rg8 27. Bg4 g6 28. Bh3 h5 29. g3 g5 30. Bg2 g4 31. Rfd3 f3 32. Bf1 Rgg6 33. h3 Rh6 34. a4 gxh3 35. Bxh3 h4 36. Bg4 hxg3 37. Rxf3 Rfg6 38. Rxg3 Bh4 39. Rg2 Rg5 40. Bh3 Rxg2+ 41. Bxg2 Rg6 42. a5 Rg8 43. Rxd6 Ra8 44. Rh6+ Kg7 45. Rxh4 Rxa5 46. Rg4+ Kf6 47. Bf3 Ra1+ 48. Kg2 Rc1 49. c4 Rb1 50. Rh4 Rxb3 51. Rh6+ Kg5 52. Rh5+ Kf4 53. Rf5# 1-0